Fisiones y fusiones, divorcios y reconciliaciones : la dirigencia del Partido de la Revolución Democrática (PRD) : 1989-2004 /

Сохранить в:
Библиографические подробности
Главный автор: Martínez González, Víctor Hugo (autor)
Другие авторы: Hernández Rodríguez, Rogelio (prólogo) (prólogo)
Формат:
Язык:испанский
Опубликовано: México : Plaza y Valdés, 2005, c2005
Предметы:
Метки: Добавить метку
Нет меток, Требуется 1-ая метка записи!

MARC

LEADER 00000nam^a2200000^a^4500
001 000189040
005 20250521000000.0
009 20260310102400.943
020 |a 970-722-378-2 
037 |a Acervo ITESO - Biblioteca 
041 |a ESP 
082 |a 324. 272  |b MAR 
100 |a Martínez González, Víctor Hugo  |e (autor) 
245 1 0 |a Fisiones y fusiones, divorcios y reconciliaciones :  |b la dirigencia del Partido de la Revolución Democrática (PRD) : 1989-2004 /  |c V.H. Martínez González ; pról. de R. Hernández Rodríguez. 
264 4 |a México :  |b Plaza y Valdés,  |c 2005, c2005 
300 |a 272 p. 
336 |a texto  |b txt  |2 rdacontenido 
337 |a sin mediación  |b n  |2 rdamedio 
338 |a volumen  |b nc  |2 rdasoporte 
649 |a XX 
650 |a Militantes Políticos Mexicanos 
650 |a Políticos Mexicanos 
650 |a Poder Político -  |z México 
650 |a Partido de la Revolución Democrática -  |z México -  |x Historia -  |x Tema Principal 
650 |a Partidos de Izquierda -  |z México 
650 |a Partidos Políticos -  |z México 
650 |a Instituciones Políticas -  |z México 
650 |a Sistema Político -  |z México 
650 |a Política -  |z México -  |x Historia -  |y 1988-1994 
650 |a Política -  |z México -  |x Historia -  |y 1994-2000 
650 |a Política -  |z México -  |x Historia -  |y Siglo XX 
650 |a Política -  |z México -  |x Historia -  |y 2000-2006 
650 |a Política -  |z México -  |x Historia -  |y Siglo XXI 
650 |a México -  |x Condiciones Políticas 
700 |a Hernández Rodríguez, Rogelio  |e (prólogo) 
910 |a Fondo General 
920 |a Impresos - Libros 
930 |a Colección General 
905 |a 101 
901 |a 0500131649  |b IT1  |c ACC  |u 20250521 
902 |a https://opac.biblio.iteso.mx/vufind/Record/000189040